000 00625na a2200217 4500
001 18227
003 MIRAKIL
005 20181213155012.0
008 161115b tu 000 0
040 _aMilas
_btur
_cTR-AnCHP
041 _atur
082 _a070
_bE84b [1992]
090 _a070 E84b [1992]
100 _aEvliyagil, Şevket
245 _aBasın ve basım işletmeciliği
_cŞevket Evliyagil
260 _a[Ankara]
_b[yayl.y.]
_c[1992]
_fAjans-Türk Matbaacılık
300 _a164 s.
_bres.
_c23 sm.
650 _aGazetecilik
_xİşletmeler
650 _aGazetecilik
_xBasım işletmeciliği
942 _2ddc
_cBKS
999 _c4609
_d4609